000
00266nam a22001217a 4500
008
180903b xxu||||| |||| 00| 0 eng d
041
_a
eng
080
_a
371
100
_a
25
101
_a
EDU
245
_a
The New St.Martin's Handbook
_c
Lunsford
942
_2
udc
_c
BK
999
_c
47453
_d
47453